| 000 | 00512nam a2200181Ia 4500 | ||
|---|---|---|---|
| 005 | 20250326141142.0 | ||
| 008 | 250326s9999 xx 000 0 und d | ||
| 037 | _aTextbook | ||
| 040 |
_aFMSL _beng _cFMSL |
||
| 041 |
_aeng _2eng |
||
| 084 |
_aB2893 M1 _qFMSL |
||
| 100 |
_aRobinson E A _9743845 |
||
| 245 | 0 |
_aStatistical reasoning and decesion making _cRobinson E A |
|
| 260 |
_aTexas _bTexas, Goose pond press _c1991 |
||
| 300 | _a188p | ||
| 942 |
_cTB _hB2893 M1 |
||
| 999 |
_c1288950 _d1288950 |
||